| 000 | 02068nam a22001817a 4500 | ||
|---|---|---|---|
| 999 |
_c7583 _d7583 |
||
| 003 | GBCCL | ||
| 005 | 20241126110631.0 | ||
| 008 | 180828b ||||| |||| 00| 0 eng d | ||
| 040 | _cgbc | ||
| 082 |
_a220.7 _bCAM |
||
| 245 | _aThe Cambridge Bible for schools and colleges | ||
| 260 |
_c[1903]- _aCambridge: _bCambridge university press, |
||
| 300 |
_a56 volumes illustrations _c17 cm |
||
| 505 | _a[1] Introduction to the Pentateuch, .--[2] Genesis, ed. by .--[3] Exodus, ed. by .--[4] Leviticus, ed. by .--[5] Numbers, ed. by .--[6] Deuteronomy, ed. by .--[7] Joshua, ed. by .--[8] Judges, ed. by .--[9] Ruth, ed. by G.A. Cooke. 1918.--[10-11] Samuel, ed. by .--[12-13] Kings, ed. by .--[14] Chronicles, ed. by .--[15] Ezra and Nehemiah, ed. by .-- [16] Esther, ed. by .--[17] Job, ed. by A.B. Davidson. 1903.--[18-20] Psalms, ed. by .--[21] Proverbs, ed. by .--[22] Ecclesiastes, ed. by [23] Song of Solomon, ed. by [24-25] Isaiah, ed. by .--[26] Jeremiah and Lamentations, ed. by A.W. Streane. 1926.--[27] Ezekiel, ed. by .--[28] Daniel, ed. by [29] Hosea, ed. by T.K. Cheyne. 1899.--[30] Joel and Amos, ed. by .--[31] Obadiah and Jonah, ed. by .--[32] Micah, ed. by .--[33] Nahum, Habakkuk and Zephaniah, ed. by .--[34] Haggai and Zechariah, ed. by .--[35] Wisdom of Solomon, ed. by .--[36] Ecclesiasticus, ed. by .--[37] I Maccabees, ed. by .--[38] St. Matthew, ed. by .--[39] St. Mark, ed. by .-- [40] St. Luke, ed. by H.K. Luce. 1936.--[41] St. John, ed. by A. Plummer. 1912.--[42] Acts of the Apostles, ed. by J.R. Lumby. 1907.--[43] Romans, ed. by .--[44-45] Corinthians, ed. by A Plummer.--[46] Galatians, ed. by .- -[47] Ephesians, ed. by H.C.G. Moule. 1895.--[48] Epistles to the Philippians, ed. by .--[49] Colossians and Philemon, ed. by H.C.G. Moule. 1932.--[50] Thessalonians, ed. by .--[51] Timothy and Titus, ed. by .--[52] Epistle to the Hebrews, ed. by .--[53] Epistle to St. James, ed. by .--[55] Epistles of St. John, ed. by .--[56] Revelation, ed. by. | ||
| 650 |
_aBible -- Commentaries. _910991 |
||
| 650 |
_aBible. _95 |
||
| 942 |
_2ddc _cBK _03 |
||